| 000 | 00932nam a22002537a 4500 | ||
|---|---|---|---|
| 005 | 20170413095620.0 | ||
| 010 | _aENG-109128 | ||
| 020 |
_a9789350351864 _c625.00 |
||
| 035 | _aEN-92661 | ||
| 035 | _aB-536661-671 | ||
| 035 | _aB-667530 | ||
| 037 | _bDBAD/PUB | ||
| 037 |
_bKBD/Ven _adpl |
||
| 082 | _a347.540502468 | ||
| 100 | _aMalik, Shailender | ||
| 245 |
_aThe code of civil procedure / _cby Shailender Malik |
||
| 260 |
_a Delhi _bUniversal Law Publishing _c2012 |
||
| 270 |
_aC- FF - 1A, Dilkhush Industrial Estate, G. T. Karnal Road, _bDelhi _e110033 |
||
| 300 |
_alxxxii,697p. _c24cm(pbk) |
||
| 500 | _aIncludes index | ||
| 942 |
_2ddc _cEN _mMAL _h347.540502468 |
||
| 999 |
_c81986 _d81986 |
||